000 01227nam0a2200325 4500
001 RU\NLR\BIBL_A\011356876
005 20260406112100.0
010 _a978-5-4444-5522-7
_91500
021 _aRU
_b2017-13851
_91019
035 _a(RuMoRGB)008810041
035 _a(NLR Aleph) 011356876
090 _a11277643
_c11277643
100 _a20170331d2016 |||y0rusy50 ca
101 0 _arus
102 _aRU
105 _aac||zzzz0|1yy
200 1 _aТайны Февральской революции
_fА. Б. Широкорад
210 _aМосква
_cВече
_d2016
_d(макет 2017)
215 _a351 c.
_cил., портр.
_d21
225 1 _aРусская смута 1917-1922
320 _aБиблиогр.: с. 331-333 и в подстроч. примеч.
333 _a12+
606 1 _aФевральская буржуазно-демократическая революция
_z1917
_91371335
_3RU\NLR\AUTH\66260730
686 _aТ3(2)524.2,02
_2rubbk
686 1 _aТ3(2)524.2
700 1 _8rus
_7ca
_aШирокорад
_bА. Б.
_f1947-
_gАлександр Борисович
_3RU\NLR\AUTH\77126524
_9109448
942 _cBOOK
980 _aNB